000 00701nam a2200205Ia 4500
999 _c39292
_d39292
001 5878
003 GE_BSU
005 20191029144106.0
008 181216s2012||||ge |||||||||||||| ||geo||
020 _a9789994021598
040 _cGE_BSU
041 _ageo
080 _a821.353.1-32 დ-14
100 _aდავითაძე, ემენ
_93500
245 _aსოფლის აღმაშენებელი :
_bწ. 6. ნაწ. 2. ხათიბი - ჩემი წინაპარი /
264 _aბათუმი :
_bაჭარა,
_c2012.
300 _a238 გვ. ;
_b21 სმ.
653 _aსოფლის აღმაშენებელი
942 _cBK
_2udc